Statistics for ATP Top 50 - 2010

Click here to take the quiz!

General Stats

  • This quiz has been taken 147 times
    (116 since last reset)
  • The average score is 35 of 50

Answer Stats

#NationalityPlayer% Correct
4United KingdomAndy Murray
100%
3SerbiaNovak Djokovic
100%
1SpainRafael Nadal
100%
2SwitzerlandRoger Federer
100%
7SpainDavid Ferrer
96%
6Czech RepublicTomas Berdych
95%
12FranceGael Monfils
94%
13FranceJo-Wilfried Tsonga
94%
21SwitzerlandStan Wawrinka
94%
5SwedenRobin Soderling
93%
19USAJohn Isner
90%
14CroatiaMarin Cilic
90%
8USAAndy Roddick
89%
9SpainFernando Verdasco
89%
30FranceRichard Gasquet
83%
20CyprusMarcos Baghdatis
81%
22RussiaNikolay Davydenko
81%
24LatviaErnests Gulbis
80%
49SerbiaJanko Tipsarevic
76%
41FranceGilles Simon
75%
16USAMardy Fish
74%
15SpainNicolas Almagro
74%
40UzbekistanDenis Istomin
70%
28SerbiaViktor Troicki
70%
17CroatiaIvan Ljubicic
69%
32SpainFeliciano Lopez
66%
33SpainGuillermo Garcia-Lopez
66%
18USASam Querrey
66%
48UkraineAlexandr Dolgopolov
65%
35TaiwanYen-Hsun Lu
65%
29SpainJuan Carlos Ferrero
64%
11AustriaJurgen Melzer
64%
27ArgentinaDavid Nalbandian
63%
10RussiaMikhail Youzhny
60%
50SpainTommy Robredo
60%
39FinlandJarkko Nieminen
59%
34GermanyPhilipp Kohlschreiber
59%
31BrazilThomaz Bellucci
59%
23FranceMichael Llodra
58%
37GermanyFlorian Mayer
54%
36KazakhstanAndrey Golubev
53%
45FranceJeremy Chardy
51%
26ArgentinaJuan Monaco
50%
44FranceJulien Benneteau
50%
42SpainMarcel Granollers
49%
46UkraineSergiy Stakhovsky
44%
38ArgentinaJuan Ignacio Chela
43%
47ItalyPotito Starace
41%
25SpainAlbert Montanes
40%
43NetherlandsThiemo de Bakker
40%

Score Distribution

Percentile by Number Answered

Percent of People with Each Score

Your Score History

You have not taken this quiz since the last reset